[Event "8th Asrian Memorial 2015"]
[Site "Yerevan ARM"]
[Date "2015.06.24"]
[Round "9.8"]
[White "Khismatullin, Denis"]
[Black "Hakobyan, Aram"]
[Result "1-0"]
[WhiteTitle "GM"]
[BlackTitle "FM"]
[WhiteElo "2646"]
[BlackElo "2283"]
[WhiteFideId "4142578"]
[BlackFideId "13306677"]
[EventDate "2015.06.16"]

1. c4 Nf6 2. d4 e6 3. Nc3 Bb4 4. e3 b6 5. Ne2 Ba6 6. a3 Bxc3+ 7. Nxc3 d5 8. Qf3
O-O 9. cxd5 Bxf1 10. dxe6 Ba6 11. Qxa8 c6 12. exf7+ Rxf7 13. e4 Ne8 14. Bg5 Qc8
15. O-O-O Nc7 16. Qxa7 Ne6 17. Qxb6 Nxg5 18. d5 cxd5 19. Rxd5 Nd7 20. Qe3 Ne6
21. Rhd1 Ndc5 22. Kb1 Bc4 23. Rd6 Bb3 24. R1d2 h6 25. g3 Kh7 26. f4 Rc7 27. Rb6
Rc6 28. Rb4 Qa6 29. Qe2 Qa7 30. e5 Qf7 31. Ka1 Ra6 32. Rd6 Ra5 33. Nb1 Nc7 34.
Nd2 Nd5 35. Rxb3 g6 36. Qc4 1-0

[Event "8th Asrian Memorial 2015"]
[Site "Yerevan ARM"]
[Date "2015.06.24"]
[Round "9.9"]
[White "Krasenkow, Michal"]
[Black "Torosyan, Norayr"]
[Result "1-0"]
[WhiteTitle "GM"]
[WhiteElo "2604"]
[BlackElo "2336"]
[WhiteFideId "1113100"]
[BlackFideId "13300431"]
[EventDate "2015.06.16"]

1. d4 d5 2. c4 c6 3. Nf3 Nf6 4. Nc3 e6 5. Qb3 a5 6. e3 a4 7. Qc2 a3 8. Bd3 axb2
9. Bxb2 Na6 10. a3 dxc4 11. Bxc4 b5 12. Be2 b4 13. axb4 Nxb4 14. Qb3 Rb8 15. O-O
Be7 16. Na2 O-O 17. Nxb4 Bxb4 18. Qc2 Bb7 19. Ba3 Bxa3 20. Rxa3 Qd6 21. Rc3 Nd7
22. Ng5 Nf6 23. Rc5 g6 24. Ne4 Nxe4 25. Qxe4 Ba8 26. h4 Rb2 27. Bd3 Rfb8 28. h5
R8b4 29. Qf3 Qd8 30. Be4 Bb7 31. Bxc6 Bxc6 32. Rxc6 Rb1 33. g3 Qa8 34. h6 Kf8
35. d5 exd5 36. Qf6 1-0

[Event "8th Asrian Memorial 2015"]
[Site "Yerevan ARM"]
[Date "2015.06.24"]
[Round "9.10"]
[White "Zhigalko, Andrey"]
[Black "Hambardzumian, Yuri"]
[Result "1-0"]
[WhiteTitle "GM"]
[BlackTitle "IM"]
[WhiteElo "2586"]
[BlackElo "2322"]
[WhiteFideId "13502247"]
[BlackFideId "13302795"]
[EventDate "2015.06.16"]

1. Nf3 Nf6 2. c4 g6 3. Nc3 Bg7 4. e4 O-O 5. d4 d6 6. Be2 Nbd7 7. Be3 e5 8. d5
Ng4 9. Bg5 f6 10. Bd2 a5 11. h3 Nh6 12. h4 Nc5 13. h5 g5 14. Be3 g4 15. Nh4 f5
16. Nxf5 Bxf5 17. exf5 g3 18. Bxc5 dxc5 19. fxg3 Nxf5 20. Qd3 e4 21. Nxe4 Bxb2
22. Rb1 Bd4 23. Rxb7 Rb8 24. Rb5 Ne3 25. Bf3 Rxb5 26. cxb5 Kh8 27. Nxc5 Bxc5 28.
Qc3+ Qf6 29. Qxc5 Re8 30. Kd2 Nxg2 31. Qc3 Qxc3+ 32. Kxc3 Re3+ 33. Kd4 Rxf3 34.
Rc1 Rf7 35. d6 Rd7 36. Rxc7 Rxd6+ 37. Kc5 Rd2 38. b6 Rxa2 39. h6 Kg8 40. Rg7+
Kf8 41. Rxh7 Rc2+ 42. Kb5 Rb2+ 43. Kxa5 Ne3 44. Rc7 Kg8 45. g4 Kh8 46. g5 Nd5
47. Rc6 Kh7 48. Re6 Rg2 49. Re5 Nxb6 50. Kxb6 Kg6 51. Kc6 Ra2 52. Kd6 Ra6+ 53.
Ke7 Ra7+ 54. Kf8 Rb7 55. Re7 Rb8+ 56. Re8 Rb5 57. Re6+ Kh7 58. g6+ 1-0

[Event "8th Asrian Memorial 2015"]
[Site "Yerevan ARM"]
[Date "2015.06.24"]
[Round "9.11"]
[White "Morchiashvili, Bachana"]
[Black "Mikaelyan, Arman"]
[Result "1-0"]
[WhiteTitle "IM"]
[BlackTitle "IM"]
[WhiteElo "2317"]
[BlackElo "2437"]
[WhiteFideId "13602535"]
[BlackFideId "13304852"]
[EventDate "2015.06.16"]

1. Nf3 Nf6 2. g3 g6 3. b3 Bg7 4. Bb2 O-O 5. Bg2 d6 6. d4 Nbd7 7. O-O e5 8. dxe5
Ng4 9. c4 dxe5 10. h3 Nh6 11. Qc1 Nf5 12. e3 c6 13. Rd1 Qc7 14. Nc3 Re8 15. Qc2
Nc5 16. b4 Na6 17. a3 Be6 18. Ne4 Rad8 19. c5 Rxd1+ 20. Rxd1 Qe7 21. Nxe5 h5 22.
Nd6 Rd8 23. Qd3 Kh7 24. e4 Nxd6 25. cxd6 Qf8 26. f4 f5 27. Nf3 fxe4 28. Ng5+ Kh6
29. Bxe4 Bg8 30. Bc1 Bf6 31. h4 c5 32. f5 Kg7 33. Kg2 Be5 34. Bf4 Bxf4 35. gxf4
gxf5 36. Bxb7 Nc7 37. Qc3+ Kg6 38. dxc7 1-0

[Event "8th Asrian Memorial 2015"]
[Site "Yerevan ARM"]
[Date "2015.06.24"]
[Round "9.12"]
[White "Vuilleumier, Alexandre"]
[Black "Bakunts, Rafael"]
[Result "0-1"]
[WhiteTitle "IM"]
[WhiteElo "2354"]
[BlackElo "2270"]
[WhiteFideId "1305662"]
[BlackFideId "13304097"]
[EventDate "2015.06.16"]

1. d4 d6 2. e4 Nf6 3. Nc3 e5 4. dxe5 dxe5 5. Qxd8+ Kxd8 6. Bc4 Ke8 7. Nd5 Nxd5
8. Bxd5 Nd7 9. a3 Nf6 10. Bg5 Nxd5 11. exd5 Bc5 12. Be3 Bxe3 13. fxe3 Bf5 14.
O-O-O Be4 15. Nf3 f6 16. c4 c6 17. dxc6 Bxc6 18. b3 Ke7 19. Rd2 Rad8 20. Rhd1
Rxd2 21. Rxd2 h5 22. Kb2 h4 23. Ne1 Rh5 24. Kc3 Rf5 25. Nd3 Rf1 26. Nb4 Be4 27.
Nd5+ Kf7 28. Nc7 Rg1 29. Nb5 Rxg2 30. Nxa7 h3 31. Nc8 0-1

[Event "8th Asrian Memorial 2015"]
[Site "Yerevan ARM"]
[Date "2015.06.24"]
[Round "9.13"]
[White "Manukyan, Sargis A."]
[Black "Martirosyan, Haik M."]
[Result "0-1"]
[BlackTitle "FM"]
[WhiteElo "2189"]
[BlackElo "2344"]
[WhiteFideId "13303970"]
[BlackFideId "13306553"]
[EventDate "2015.06.16"]

1. d4 Nf6 2. c4 e6 3. Nc3 Bb4 4. e3 Bxc3+ 5. bxc3 c5 6. Bd3 Nc6 7. Ne2 d6 8. O-O
e5 9. d5 Ne7 10. Ng3 h5 11. h4 Bd7 12. e4 Qa5 13. Qb3 Qc7 14. Bg5 O-O-O 15. Rfb1
Rde8 16. Rb2 Kb8 17. Rab1 Bc8 18. Qa4 Ng6 19. Nf5 Nf4 20. Bxf4 exf4 21. Qa6 Rd8
22. Nxg7 Ng4 23. e5 Nxe5 24. Bf5 Nd7 25. Qb5 b6 26. a4 Rdg8 27. a5 Rxg7 28. axb6
Nxb6 29. Qa5 f6 30. Bc2 Rhg8 31. g3 fxg3 32. f3 g2 33. Ba4 Qe7 34. Bc6 Qe3+ 35.
Rf2 Re7 36. Qa1 Rg3 37. f4 Rf3 0-1

[Event "8th Asrian Memorial 2015"]
[Site "Yerevan ARM"]
[Date "2015.06.24"]
[Round "9.14"]
[White "Chibukhchian, Artur"]
[Black "Gevorgyan, Maria"]
[Result "1-0"]
[WhiteTitle "GM"]
[BlackTitle "WFM"]
[WhiteElo "2423"]
[BlackElo "2235"]
[WhiteFideId "13300717"]
[BlackFideId "13300270"]
[EventDate "2015.06.16"]

1. d4 d5 2. c4 c6 3. Nf3 Nf6 4. e3 Bf5 5. Nc3 e6 6. Nh4 Be4 7. f3 Bg6 8. Qb3 Qb6
9. Nxg6 hxg6 10. Bd2 Bd6 11. f4 Qc7 12. Rc1 a6 13. Be2 Nbd7 14. a4 a5 15. cxd5
exd5 16. Nb5 Qb8 17. Nxd6+ Qxd6 18. Qxb7 O-O 19. Qxc6 Qe7 20. Bb5 Rfd8 21. O-O
Ne4 22. Qc2 Ndf6 23. Qd3 Ng4 24. Rf3 Ngf6 25. Be1 g5 26. Rf1 Nh7 27. Rc2 Ra7 28.
Rc6 Rda8 29. Kh1 Rc7 30. Qc2 Raa7 31. Rxc7 Rxc7 32. Qd1 Ra7 33. Qg4 gxf4 34.
exf4 Nd6 35. Bd3 Nf6 36. Qg5 Qe3 37. Qg3 Qxg3 38. hxg3 Rb7 39. Bxa5 Rxb2 40. Rb1
Ra2 41. Rb8+ Nde8 42. Bb5 Ra1+ 43. Kh2 Kh7 44. Rxe8 Ng4+ 45. Kh3 Nf2+ 46. Kh4
Kh6 47. g4 Ne4 48. Rh8+ 1-0

[Event "8th Asrian Memorial 2015"]
[Site "Yerevan ARM"]
[Date "2015.06.24"]
[Round "9.15"]
[White "Baghdasaryan, Vahe"]
[Black "Gaboyan, Susanna"]
[Result "1/2-1/2"]
[WhiteTitle "IM"]
[WhiteElo "2402"]
[BlackElo "2153"]
[WhiteFideId "13303139"]
[BlackFideId "13303627"]
[EventDate "2015.06.16"]

1. e4 c5 2. Nf3 Nc6 3. d4 cxd4 4. Nxd4 Nf6 5. Nc3 e5 6. Ndb5 d6 7. Bg5 a6 8. Na3
b5 9. Nd5 Be7 10. Bxf6 Bxf6 11. c3 Bg5 12. Nc2 Ne7 13. a4 bxa4 14. Ncb4 O-O 15.
Rxa4 a5 16. h4 1/2-1/2

[Event "8th Asrian Memorial 2015"]
[Site "Yerevan ARM"]
[Date "2015.06.24"]
[Round "9.18"]
[White "Kshtoyan, Indat"]
[Black "Manukyan, Sargis V."]
[Result "0-1"]
[BlackTitle "FM"]
[WhiteElo "1896"]
[BlackElo "2296"]
[WhiteFideId "13304801"]
[BlackFideId "13303465"]
[EventDate "2015.06.16"]

1. f4 e5 2. fxe5 d6 3. exd6 Bxd6 4. Nf3 g5 5. g3 g4 6. Nh4 Ne7 7. e3 Ng6 8. Ng2
h5 9. Rg1 Nc6 10. Nc3 h4 11. Nf4 hxg3 12. hxg3 Nxf4 13. exf4 Bc5 14. Rg2 Nd4 15.
Re2+ Kf8 16. Re3 Bf5 17. d3 Rh2 18. Bd2 Nxc2+ 19. Qxc2 Bxe3 20. O-O-O Rxd2 21.
Rxd2 Qd4 22. Be2 Re8 23. Nd1 Bxd2+ 24. Kxd2 c5 25. b3 b6 26. Kc1 Re6 27. Kd2 Qg1
28. Qc3 Qxg3 29. Qh8+ Ke7 30. Qb8 Rd6 31. Qc7+ Bd7 32. Qb7 Qxf4+ 33. Kc2 f5 34.
Nc3 Qh2 35. Kb1 Qg1+ 36. Kc2 Qe3 37. Qc7 f4 38. Bf1 Qf2+ 39. Be2 f3 40. Qxd6+
Kxd6 0-1

[Event "8th Asrian Memorial 2015"]
[Site "Yerevan ARM"]
[Date "2015.06.24"]
[Round "9.19"]
[White "Deslandes, Pascal"]
[Black "Mirzoyan, David"]
[Result "1-0"]
[WhiteTitle "FM"]
[WhiteElo "2287"]
[BlackElo "2094"]
[WhiteFideId "605239"]
[BlackFideId "13308386"]
[EventDate "2015.06.16"]

1. e4 c5 2. c3 b6 3. d4 Bb7 4. Nd2 d6 5. Ngf3 e6 6. Bd3 Nf6 7. O-O Be7 8. Re1 h6
9. Nf1 Nbd7 10. Ng3 Qc7 11. Qe2 e5 12. b4 g6 13. a4 a5 14. Bc4 Bf8 15. Qa2 Nb8
16. dxe5 dxe5 17. Nxe5 Qxe5 18. Bxf7+ Kd8 19. f4 Qc7 20. e5 c4 21. Bxc4 Nfd7 22.
Rd1 Kc8 23. Rb1 Be7 24. Be3 Bc6 25. b5 Bb7 26. Be6 Bc5 27. Bxc5 Qxc5+ 28. Kh1
Rh7 29. Rd4 Kd8 30. Rbd1 Ra7 31. Bxd7 Bxg2+ 32. Kxg2 Rhxd7 33. Qg8+ 1-0

[Event "8th Asrian Memorial 2015"]
[Site "Yerevan ARM"]
[Date "2015.06.24"]
[Round "9.20"]
[White "Sargsyan, Shant"]
[Black "Babayan, Armine"]
[Result "1-0"]
[WhiteTitle "CM"]
[WhiteElo "2256"]
[BlackElo "2145"]
[WhiteFideId "13306766"]
[BlackFideId "13304135"]
[EventDate "2015.06.16"]

1. d4 Nf6 2. c4 e6 3. Nc3 Bb4 4. Qc2 O-O 5. a3 Bxc3+ 6. Qxc3 d6 7. Bg5 Nbd7 8.
e3 b6 9. Ne2 c5 10. Rd1 Qc7 11. Qc2 Ba6 12. Qa4 Bb7 13. Nc3 a6 14. f3 d5 15.
cxd5 exd5 16. Bd3 b5 17. Qc2 cxd4 18. exd4 Rfe8+ 19. Kf2 h6 20. Be3 Nb6 21. Ne2
Qe7 22. Bf4 Nh5 23. Bc1 Rac8 24. Qb1 Nc4 25. Rde1 Qf6 26. g4 Qh4+ 27. Kg2 Nf6
28. Ng3 Nd7 29. Bh7+ Kh8 30. Bf5 Bc6 31. Bf4 Qf6 32. Rxe8+ Rxe8 33. Re1 Ra8 34.
b3 Qxd4 35. Qc1 g5 36. Bc7 Rc8 37. bxc4 Qxc4 38. Qe3 d4 39. Be5+ Kg8 40. Bxd4
Qd5 41. Nh5 Qd6 42. Bxd7 Bxd7 43. Nf6+ Kf8 44. Bc5 1-0

[Event "8th Asrian Memorial 2015"]
[Site "Yerevan ARM"]
[Date "2015.06.24"]
[Round "9.21"]
[White "Davtyan, Artur"]
[Black "Babujian, Levon"]
[Result "0-1"]
[BlackTitle "GM"]
[WhiteElo "1988"]
[BlackElo "2459"]
[WhiteFideId "13308327"]
[BlackFideId "13301993"]
[EventDate "2015.06.16"]

1. c4 e5 2. Nc3 Nf6 3. Nf3 Nc6 4. d4 exd4 5. Nxd4 Bb4 6. Nxc6 bxc6 7. Bd2 O-O 8.
e3 d5 9. a3 Bd6 10. Be2 Re8 11. O-O dxc4 12. Bxc4 Bxh2+ 13. Kxh2 Ng4+ 14. Kg3
Qg5 15. f4 Qh6 16. Be2 Qh2+ 17. Kf3 Qh4 18. e4 f5 19. e5 c5 20. Bc4+ Kh8 21. Bd5
Ba6 22. g3 Qh2 23. Bc1 Rad8 24. Qd2 Qh5 25. Kg2 Bxf1+ 26. Kxf1 c6 27. Qg2 cxd5
28. Nxd5 Qf7 29. Ne3 Qb3 30. Qe2 Rd3 31. Nxf5 Rd1+ 32. Kg2 Qd5+ 33. Qf3 Rg1+ 0-1

[Event "8th Asrian Memorial 2015"]
[Site "Yerevan ARM"]
[Date "2015.06.24"]
[Round "9.22"]
[White "Tiraturyan, David"]
[Black "Manukyan, Artyom"]
[Result "1-0"]
[WhiteElo "2232"]
[BlackElo "2046"]
[WhiteFideId "13304402"]
[BlackFideId "13305786"]
[EventDate "2015.06.16"]

1. e4 c5 2. Nf3 d6 3. Bb5+ Nc6 4. Bxc6+ bxc6 5. O-O e5 6. c3 g6 7. d4 cxd4 8.
cxd4 Bg7 9. dxe5 dxe5 10. Qxd8+ Kxd8 11. Na3 Kc7 12. Be3 Ba6 13. Rfd1 f6 14. Nd2
Nh6 15. Nb3 Nf7 16. Rac1 Bf8 17. Nc4 Be7 18. Nca5 Bb5 19. Rd2 Bb4 20. Rdc2 Nd8
21. f3 Re8 22. a3 Bf8 23. Nc5 Bxc5 24. Rxc5 Kd7 25. b3 Rc8 26. a4 Ba6 27. R5c3
Rc7 28. b4 Re6 29. b5 Bc8 30. b6 axb6 31. Bxb6 Rd6 32. Nc4 Rd4 33. Bxd4 exd4 34.
Nb6+ Kd6 35. Rc4 c5 36. Nxc8+ Rxc8 37. Rxd4+ cxd4 38. Rxc8 Nc6 39. Kf2 Ne5 40.
a5 Kd7 41. Rf8 Ke7 42. a6 1-0